00373 2200157 4500245005500000020001800055250001100073100003100084700001200115650001000127005001900137260002700156041001400183084000900197336000900206 aPencerahan CintacJose Ortega y Gasset et.alhText a979-3424-13-5 aCet. 1 aJose Ortega y Gasset et.al aMukalam aCinta a20240926091411 bApeiron-Philotesc2005 aIndonesia aNONE atext